| 000 | 00425nam a22001697a 4500 | ||
|---|---|---|---|
| 003 | CEME | ||
| 005 | 20210628202522.0 | ||
| 008 | 210316b xxu||||| |||| 00| 0 eng d | ||
| 020 | _a81-86104-15-1 | ||
| 040 | _c. | ||
| 082 | _a025.34 KHA'H | ||
| 100 |
_aKhanna, Dr J.K Vohra, Dr R _960292 |
||
| 245 | _aHandbook of library clasification system | ||
| 260 |
_aNEW DELHI _bBEACON _c1996 |
||
| 300 | _a472P | ||
| 942 |
_cBK _2ddc |
||
| 999 |
_c570056 _d570056 |
||